Sports Quiz

Random Sports or City Quiz

Pennsylvania Big 4 Teams Quiz Stats

 Plays Quiz Updated Nov 20, 2018

Score 0/7 Timer 00:30
4 Plays Today
city team % Correct
NFLPhiladelphia Eagles
93.5%
NFLPittsburgh Steelers
93.2%
NBAPhiladelphia 76ers
92.7%
MLBPhiladelphia Phillies
92.4%
MLBPittsburgh Pirates
92.1%
NHLPittsburgh Penguins
91.2%
NHLPhiladelphia Flyers
89.9%

You're not logged in!

Compare scores with friends on all Sporcle quizzes.
OR
Log In

Show Comments

Extras

Top Quizzes Today


Score Distribution

Your Account Isn't Verified!

In order to create a playlist on Sporcle, you need to verify the email address you used during registration. Go to your Sporcle Settings to finish the process.

Report this User

Report this user for behavior that violates our Community Guidelines.

Details: